Congleton BC v Talke Chemical Company Ltd (Record no. 20984)

MARC details
000 -LEADER
fixed length control field 01125cab a2200205 4500
001 - CONTROL NUMBER
control field X3575
008 - FIXED-LENGTH DATA ELEMENTS--GENERAL INFORMATION
fixed length control field 090401t1996 xxu||||| |||| 00| 0 eng d
035 ## - SYSTEM CONTROL NUMBER
System control number (Sirsi) u31239
041 ## - LANGUAGE CODE
Language code of text/sound track or separate title eng
245 ## - TITLE STATEMENT
Title Congleton BC v Talke Chemical Company Ltd
260 ## - PUBLICATION, DISTRIBUTION, ETC.
Date of publication, distribution, etc. 1996
350 ## - PRICE (NR) (BK AM CF MU VM SE) [OBSOLETE]
Price 0
490 ## - SERIES STATEMENT
Series statement Planning Appeal Decisions
Volume/sequential designation 1996 11 PAD 420-424(5)
520 ## - SUMMARY, ETC.
Summary, etc. Appeal against Council`s refusal to grant planning permission for erection of portal framed building to provide workshop/store. At the hearing it wass established that proposal also included re-location of existing unauthorised jack-leg portacabin. The formation of a new access. servicee road and lorry turning bay, plus provision of eight car parking spaces and re-location of four tanks to form group of six tanks. Inspector`s approachh was to ascertain relevant planning policies and effect of proposals on general character of area and residential environment of nearby bungalows. (ABSTRACT FROM JOURNAL)
650 ## - SUBJECT ADDED ENTRY--TOPICAL TERM
Topical term or geographic name entry element PLANNING APPLICATIONS
650 ## - SUBJECT ADDED ENTRY--TOPICAL TERM
Topical term or geographic name entry element WORKSHOP
690 ## - LOCAL SUBJECT ADDED ENTRY--TOPICAL TERM (OCLC, RLIN)
Topical term or geographic name as entry element PLANNING LAW AND PRACTICE-CASE LAW
942 ## - ADDED ENTRY ELEMENTS (KOHA)
Suppress in OPAC 0
948 ## - LOCAL PROCESSING INFORMATION (OCLC); SERIES PART DESIGNATOR (RLIN)
c (OCLC) 04/03/1997
Holdings
Withdrawn status Lost status Source of classification or shelving scheme Damaged status Not for loan Home library Current library Shelving location Date acquired Total Checkouts Full call number Barcode Date last seen Copy number Price effective from Koha item type
    Dewey Decimal Classification     London London Journal article 14/09/1999   X3575 31239-1001 06/08/2019 1 06/08/2019 Law report